FC Barcelona squad 2019-2020 - Statistics

General Stats
  • This quiz has been taken 2,063 times
    2,020 since last reset
  • The average score is 18 of 24
Answer Stats
Position Nation Number Player % Correct
RW Argentina 10 Lionel Messi
98%
GK Germany 1 Marc-Andre ter Stegen
98%
ST Uruguay 9 Luis Suarez
97%
CB Spain 3 Gerard Pique
96%
CM Croatia 4 Ivan Rakitic
94%
LW France 11 Ousmane Dembele
93%
CDM Spain 5 Sergio Busqeuts
93%
CB France 23 Samuel Umtiti
90%
CM Netherlands 21 Frenkie de Jong
89%
LB Spain 18 Jordi Alba
89%
RB Portugal 2 Nelson Semedo
87%
CB France 15 Clement Lenglet
86%
CM Chile 22 Arturo Vidal
85%
CAM Brazil 7 Phillipe Coutinho
84%
ST France 17 Antoine Griezmann
79%
RB Spain 20 Sergi Roberto
79%
GK Brazil 13 Neto
78%
CM Brazil 8 Arthur
74%
Coach Spain - Ernesto Valverde
64%
CAM Brazil 12 Rafinha
52%
RW Brazil 14 Malcom
47%
CB France 6 Jean-Clair Todibo
37%
CM Spain 19 Carlos Alena
30%
LWB Spain - Junior Firpo
16%
No matching quizzes found
Score Distribution
Percent of People with Each Score
Percentile by Number Answered
Your Score History
You have not taken this quiz since the last reset